| 000 | 00755nam a2200205 a 4500 | ||
|---|---|---|---|
| 001 | BRCA_2975 | ||
| 005 | 20190320204043.0 | ||
| 008 | 181208s1920-------a---###---#000-0#spa-u | ||
| 050 | 4 |
_aF1230 _b.F47X83 1920 |
|
| 100 | 1 |
_aFernández del Castillo, Francisco _98248 |
|
| 245 | 1 | 0 |
_aDoña Catalina Xvarez Marcayda , primera esposa de Hernan Cortes y su familia _bdatos tomados de la obra inédita Biografías de conquistadores de México y Guatemala _cFrancisco Fernández del Castillo. |
| 260 |
_as. l. _bImp. Victoria _c1920 |
||
| 300 |
_a194 p. _bil. _c25 cm. |
||
| 500 | _aB113 | ||
| 600 | 1 | 4 |
_aXuárez Marcaida, Catalina _d1527 _98249 |
| 600 | 1 | 4 |
_aCortes, Hernando _d1485-1547 _98250 |
| 651 | 4 |
_aMéxico _xHistoria _9614 |
|
| 902 | _aGFM | ||
| 942 |
_2lcc _cB |
||
| 999 |
_c2714 _d2714 |
||